000
00293nam a22001337a 4500
003
SGT
082
_a
658,KEN
100
_a
KENNEDY, DUSEN VEN.
245
_a
UNIONS, EMPLOYERS AND GOVERNMENT
260
_a
BOMBAY
_b
MANAKTALAS
_c
1996
300
_a
227
650
_a
MANAGEMENT
942
_2
ddc
_c
BK
999
_c
10364
_d
10364